00314nam a2200121Ia 4500003000400000008004100004040001600045082001500061245003900076260006100115300001100176490000500187GCL140319s9999 xx 000 0 ara d aGCL / cGCL04a227.1bu u10aعلوم القران الكريم a[S.N] : bدار الكتاب اللبنانى ، c1979 a183 ص a